000 00578nam a2200193Ia 4500
005 20250326143134.0
008 250326s9999 xx 000 0 und d
037 _aTextbook
040 _aFMSL
_beng
_cFMSL
041 _aeng
_2eng
084 _aX:8obD65m8(2:55) P3:1
_qFMSL
100 _aSaini A.k.
245 0 _aComputer Applications in Management
_cSaini A.k.
250 _afirst edition
260 _aNew Delhi
_bNew Delhi, Anmol Publications Pvt. Ltd.
_c2003
300 _a454p
942 _cTB
_hX:8obD65m8(2:55) P3:1
999 _c1298272
_d1298272